000 00588nam a2200229Ia 4500
003 OSt
005 20221006165009.0
006 a|||||r|||| 00| 0
007 ta
008 221006b |||||||| |||| 00| 0 eng d
024 _a781
037 _cTextual
040 _aFML
_cFML
_beng
041 _2eng
_aeng
082 _a(:f), M2
100 _aGhose B. N. Au.
_9678863
245 0 _aScientific Method And Social Research
260 _aNew Delhi
_bSterling
_c1982
300 _a254
_ccm.
942 _h(:f), M2
_cTEXL
_2CC
999 _c1119222
_d1119222